The zone of interest de Jonathan Glazer (notice n° 1547337)
[ vue normale ]
| 000 -LEADER | |
|---|---|
| fixed length control field | 00451cam a2200145 4500500 |
| 005 - DATE AND TIME OF LATEST TRANSACTION | |
| control field | 20251012032444.0 |
| 041 ## - LANGUAGE CODE | |
| Language code of text/sound track or separate title | fre |
| 042 ## - AUTHENTICATION CODE | |
| Authentication code | dc |
| 100 10 - MAIN ENTRY--PERSONAL NAME | |
| Personal name | Baron, Anne-Marie |
| Relator term | author |
| 245 00 - TITLE STATEMENT | |
| Title | The zone of interest de Jonathan Glazer |
| 260 ## - PUBLICATION, DISTRIBUTION, ETC. | |
| Date of publication, distribution, etc. | 2024.<br/> |
| 500 ## - GENERAL NOTE | |
| General note | 3 |
| 786 0# - DATA SOURCE ENTRY | |
| Note | Revue Sens | 453 | 2 | 2024-05-02 | p. 191a-192 | 0337-6222 |
| 856 41 - ELECTRONIC LOCATION AND ACCESS | |
| Uniform Resource Identifier | <a href="https://shs.cairn.info/revue-revue-sens-2024-2-page-191a?lang=fr&redirect-ssocas=7080">https://shs.cairn.info/revue-revue-sens-2024-2-page-191a?lang=fr&redirect-ssocas=7080</a> |
Pas d'exemplaire disponible.




Réseaux sociaux